000 00793nam a2200241Ia 4500
003 OSt
005 20220923211638.0
006 a|||||r|||| 00| 0
007 ta
008 220922b |||||||| |||| 00| 0 san d
024 _a39,110
037 _cTextual
040 _aARTS
_cARTS
_bsan
041 _2san
_asan
082 _aQ1:22v, 152J7;L9
100 _aभगवदत्त, सत्यश्रवा
245 0 _aवैदिक वाड् मय का इतिहास
246 _aVaidik vāḍ maya kā itihāsa
260 _aदिल्ली
_b प्रणव प्रकाशन
_c1979
300 _a673पृ.
_ccm.
942 _hQ1:22v, 152J7;L9
_cTEXL
_2CC
999 _c302042
_d302042